| 000 | 01185nam a2200301 a 4500 | ||
|---|---|---|---|
| 001 | 000013486 | ||
| 003 | DO-SdBNP | ||
| 005 | 20250502073819.0 | ||
| 007 | ta | ||
| 008 | 091125t2004 dr ad 001 0 spa d | ||
| 040 |
_aDO-SdBNP _bspa _cBNPHU |
||
| 082 | 4 |
_a351.7293 _bR426m, 2004 _222 |
|
| 110 | 1 |
_aRepública Dominicana. _bOficina Nacional de Administración y Personal _926398 |
|
| 245 | 1 | 0 |
_aManual de organización del Estado Dominicano / _cpresentación Darío Castillo Lugo. |
| 250 | _a8ª ed. | ||
| 260 |
_aSanto Domingo : _bONAP, _c2004. |
||
| 300 |
_a953 p. : _bil., gráfcs. ; _c28 cm. |
||
| 500 | _aIncluye organigramas de las instituciones y organizaciones del gobierno. | ||
| 590 | _aInventariado,2018/DG | ||
| 650 | 4 |
_aPoder público _zRepública Dominicana _930814 |
|
| 650 | 4 |
_aPoder ejecutivo _zRepública Dominicana _910451 |
|
| 650 | 4 |
_aInstituciones públicas _zRepública Dominicana _917927 |
|
| 651 | 4 |
_aRepública Dominicana _xAdministración pública _9657 |
|
| 651 | 4 |
_aRepública Dominicana _xDivisiones administrativas y políticas _917205 |
|
| 700 | 1 |
_aCastillo Lugo, Darío _930815 |
|
| 910 | _aValidado. Control de calidad EMS. | ||
| 942 |
_2ddc _cLBS1 |
||
| 999 |
_c13110 _d13110 |
||